Food Dish to Country - Statistics

General Stats
  • This quiz has been taken 4,308 times
  • The average score is 13 of 20
Answer Stats
Food Country % Correct
Sushi Japan
100%
Fish and chips United Kingdom
98%
Pasta Italy
97%
Peking Duck China
96%
Crêpe France
95%
Paella Spain
93%
Currywurst Germany
86%
Mole poblano Mexico
83%
Phở Vietnam
83%
Borscht Russia
79%
Pierogi Poland
70%
Bulgogi South Korea
64%
Feijoada Brazil
63%
Satay Indonesia
53%
Ceviche Peru
46%
Adobo Philippines
43%
Chilli crab Singapore
25%
Pupusa El Salvador
22%
Pepian Guatemala
15%
Chivito Uruguay
13%
No matching quizzes found
Score Distribution
Percent of People with Each Score
Percentile by Number Answered
Your Score History
You have not taken this quiz